00433nam a2200109Ia 4500008004100000041000800041082002000049100012000069245007300189260005300262300000800315230128s9999 xx 000 0 und d aeng aPAR PR0588bPAR aParkhe Payal V - 2k131040; Dr.Rachana Shikhare - Guide & [Company Name] - Extentia Information Technology Pvt Ltd. aSoftware Testing And Crital Analysis For Online Hotel Booking System cSep-14bSavitribai Phule Pune UniversityaPune  a52p